Trouve la bonne saga avec le bon personnage #1 - Statistiques

Statistiques générales
  • Ce quiz a été pris 257 fois
  • Le résultat moyen est 14 sur 15
Statistiques - réponses
Hint Réponse % Correct
Jack Sparrow Pirates des Caraïbes
100%
Luke Skywalker Star wars
100%
Obélix Astérix
99%
Ron Weasley Harry Potter
99%
Flash McQueen Cars
97%
Woody Toy story
97%
Thor Avengers
96%
Frodon Le seigneur des anneaux
95%
Sasuke Naruto
94%
Monkey D. Luffy One piece
90%
Jurassic Parc Alan Grant
88%
Jake Sully Avatar
81%
Will Byers Stranger things
81%
Pugsley Mercredi
76%
Brian O'conner Fast and Furious
69%
Aucun quiz correspondant
Distribution des résultats
% des personnes avec chaque résultat
Percentile par nombre de réponses
Votre historique - résultats
Vous n’avez pas pris ce quiz